000 00724nam2a2200229 4500
001 rc\3061795
005 20260315070604.0
035 _a(NLR Aleph) 007200443
090 _a13627338
_c13627338
100 _a20111013d1940 u y0rusy50 ca
101 0 _arus
102 _aRU
105 _aa z |||||
200 0 _aЧ. 2
210 _d1940
215 _a312 с.
_cсхем.
461 0 _1001rc\3061794
_12000#$aФранцузский пехотный устав$e[1939 г.]$vЧ. 2
_97625916
_cМосква
_d1940
_nВоениздат
_o[1939 г.]
_tФранцузский пехотный устав
_vЧ. 2
801 0 _aRU
_bNLR
_gpsbo
801 1 _aRU
_bELAR
_2rusmarc
852 _aNLR
_jВ60 В-1/1(2)
942 _cUNSPEC
980 _aNB